000 00844nam a2200253 i 4500
001 149599
003 ES-MaACL
005 20250902174538.0
007 t|
008 071023s1971 sp ||||1| spa d
080 _a821.134.2(861) García Márquez, Gabriel 1.07
100 1 _aVargas Llosa, Mario,
_d1936-2025
_9240060
245 1 0 _aGarcía Márquez
_b: historia de un deicidio /
_cMario Vargas Llosa.
250 _a1ª ed.
260 _aBarcelona :
_bBarral,
_c1971.
300 _a667 p. ;
_c20 cm.
490 1 _aBreve biblioteca de respuesta
504 _aBibliografía: p. 643-664.
600 1 4 _aGarcía Márquez, Gabriel,
_d1927-2014-
_xCrítica e interpretación
_954890
830 0 _aBreve biblioteca de respuesta
_9183536
852 _aES-MaACL
_jC-41167
852 _aES-MaACL
_jC-46319
999 _c149599
_d149599